Stati per esportazioni di Gas naturale - Statistics

Statistiche generali
  • Questo quiz è stato fatto 17 volte
  • Il punteggio medio è 8 su 10
Statistiche sulle risposte
Esportazioni (m³ / anno) Continente Nazione % Corretto
70 932 000 000 America del Nord Canada
100%
199 928 345 000 Asia / Europa Russia
100%
149 538 000 000 America del Nord Stati Uniti
100%
102 262 000 000 Oceania Australia
93%
50 092 000 000 Europa Germania
93%
112 951 000 000 Europa Norvegia
80%
39 459 000 000 Africa Algeria
60%
35 586 138 000 Africa Nigeria
53%
39 976 000 000 Europa Paesi Bassi
47%
143 700 000 000 Asia Qatar
27%
Nessun quiz corrispondente trovato
Distribuzione punteggi
Percentuale di utenti per punteggio
Percentile per numero di risposta
I tuoi punteggi nel tempo
Non hai fatto questo quiz